| 000 | 00706nam a2200241Ia 4500 | ||
|---|---|---|---|
| 003 | OSt | ||
| 005 | 20220926012333.0 | ||
| 006 | a|||||r|||| 00| 0 | ||
| 007 | ta | ||
| 008 | 220923b |||||||| |||| 00| 0 eng d | ||
| 037 | _cGeneral Book | ||
| 040 |
_aRTL _cRTL _beng |
||
| 041 |
_2eng _aeng |
||
| 082 | _aX:(Z,2), N7 | ||
| 100 |
_aSened Itai _9143703 |
||
| 245 | 0 | _aPolitical institution of private property | |
| 260 |
_aNew York _bCambridge University Press U. S. A. _c1997 |
||
| 300 |
_axiii, 338p. Bibliography p.185-98 _ccm. |
||
| 490 | _aTheories of Institutional Design | ||
| 650 | _aEconomic Law | ||
| 942 |
_hX:(Z,2), N7 _cGB _2CC |
||
| 999 |
_c622573 _d622573 |
||